Príručka matematiky pre inžinierov a pre študujúcich na vysokých školách technických /

Na minha lista:
Detalhes bibliográficos
Main Authors: Bronštejn, Iľja Nikolajevič (Author), Semendjajev, Konstantin Adoľfovič (Author)
Formato: Livro
Idioma:eslovaco
Publicado em: Bratislava : SVTL, 1964
Edição:3.vyd.
Assuntos:
Tags: Adicionar Tag
Sem tags, seja o primeiro a adicionar uma tag!

MARC

LEADER 00000nam a22000003a 4500
001 stu34951
005 20150617225730.5
008 920401s1964----cs------------------slo-d
040 |a STU  |b slo 
041 0 |a slo 
044 |a cs 
080 |a 51(035) 
100 1 |a Bronštejn, Iľja Nikolajevič  |4 aut 
245 1 |a Príručka matematiky pre inžinierov a pre študujúcich na vysokých školách technických /  |c [aut.]Iľja N. Bronštejn, Konstantin A. Semenďajev; Z rus. kol 
250 |a 3.vyd. 
260 |a Bratislava :  |b SVTL,  |c 1964 
300 |a 746 s 
650 7 |a matematika  |2 stusub 
650 7 |a príručky  |2 stusub 
700 1 |a Semendjajev, Konstantin Adoľfovič  |4 aut 
996 |b 284M045637  |c M*1106-1  |l MMKN  |s A  |a 24  |w stu34951_0001